000 00591nam a2200229 a 4500
999 _c10515
_d10515
001 10515
003 BD-JhCC
005 20180430184052.0
008 180430s1962 nbu |||| |||| 000 0 eng d
020 _a0822007622
035 _a(BD-JhCC)10515
040 _aBD-JhCC
_dBD-JhCC
041 _aeng
082 _a823
_bROB 1962
100 _aRoberts, James L.
245 _aLord Jim, notes /
_cJames L. Roberts,
260 _aUSA :
_bCliffs Notes, Inc.
_c1962
300 _a105 p. :
_c21 cm.
504 _aIncludes bibliography
650 _aLord Jim (Conrad, Joseph)
942 _2ddc
_cBK